Neutrality Claim: Who Wants to Withdraw from NATO in Slovakia?
Analýza naratívov politických strán a predstaviteľov, ktorí žiadajú vystúpenie Slovenska z NATO a neutralitu Slovenskej republiky. Kritika zahraničnej politiky USA, nárok na prehĺbenie vzťahu s Ruskou federáciou a myšlienky panslavizmu sa stávajú zdrojom legitimity pri obrane vojenskej neutrality SR...
Saved in:
| Main Author: | |
|---|---|
| Format: | Book Chapter |
| Language: | English |
| Subjects: | |
| Tags: |
No Tags, Be the first to tag this record!
|
MARC
| LEADER | 00000naa$a2200000$$$4500 | ||
|---|---|---|---|
| 001 | 0291759 | ||
| 005 | 20240717090436.0 | ||
| 041 | 0 | |a eng | |
| 044 | |a UA | ||
| 245 | 1 | 0 | |a Neutrality Claim: Who Wants to Withdraw from NATO in Slovakia? |c Michael Augustín |
| 520 | |a Analýza naratívov politických strán a predstaviteľov, ktorí žiadajú vystúpenie Slovenska z NATO a neutralitu Slovenskej republiky. Kritika zahraničnej politiky USA, nárok na prehĺbenie vzťahu s Ruskou federáciou a myšlienky panslavizmu sa stávajú zdrojom legitimity pri obrane vojenskej neutrality SR. | ||
| 610 | 2 | 0 | |a neutralita |
| 610 | 2 | 0 | |a NATO |
| 610 | 2 | 0 | |a extrémizmus |
| 610 | 2 | 0 | |a strany politické |
| 610 | 2 | 0 | |a politika zahraničná |
| 610 | 2 | 0 | |a vojny |
| 100 | 1 | |a Augustín, Michael, 1991- | |